The new Anvil guide to research paper writing / (Record no. 288185)
[ view plain ]
| 000 -LEADER | |
|---|---|
| fixed length control field | 00679nam a2200145Ia 4500 |
| 008 - FIXED-LENGTH DATA ELEMENTS--GENERAL INFORMATION | |
| fixed length control field | 150610s9999 xx 000 0 und d |
| 020 ## - INTERNATIONAL STANDARD BOOK NUMBER | |
| International Standard Book Number | 9712715329 |
| 050 ## - LIBRARY OF CONGRESS CALL NUMBER | |
| Classification number | PE1478 |
| Item number | .M35 2005 |
| 100 ## - MAIN ENTRY--PERSONAL NAME | |
| Personal name | Manlapaz, Edna Zapanta, 1943- |
| 245 #4 - TITLE STATEMENT | |
| Title | The new Anvil guide to research paper writing / |
| Statement of responsibility, etc | Edna Zapanta Manlapaz, Ma. Eloisa Francisco ; updated by Marianne Rachel G. Perfecto, Michelle G. Paterno, Rosalia A. Pison.. |
| 260 ## - PUBLICATION, DISTRIBUTION, ETC. (IMPRINT) | |
| Place of publication, distribution, etc | Pasig City : |
| Name of publisher, distributor, etc | Anvil, |
| Date of publication, distribution, etc | 2005. |
| 300 ## - PHYSICAL DESCRIPTION | |
| Extent | 190pages : |
| Other physical details | illustrations ; |
| Dimensions | 23 cm. |
| 504 ## - BIBLIOGRAPHY, ETC. NOTE | |
| Bibliography, etc | Previously published as: The college research paper : a step-by-step guide to term paper writing for Filipino students. |
| 520 ## - SUMMARY, ETC. | |
| Summary, etc | Report writing. |
| Withdrawn status | Lost status | Damaged status | Home library | Current library | Shelving location | Date acquired | Total Checkouts | Full call number | Barcode | Date last seen | Price effective from | Koha item type |
|---|---|---|---|---|---|---|---|---|---|---|---|---|
| Stonyhurst Southville International School (Batangas) | Stonyhurst Southville International School (Batangas) | 06/10/2015 | PE1478 .M35 2005 | US-0618 | 06/10/2015 | 06/10/2015 | Books |